| 000 | 00629nam a2200229Ia 4500 | ||
|---|---|---|---|
| 003 | OSt | ||
| 005 | 20220928111530.0 | ||
| 006 | a|||||r|||| 00| 0 | ||
| 007 | ta | ||
| 008 | 220927b |||||||| |||| 00| 0 eng d | ||
| 024 | _a39259 | ||
| 037 | _cTextual | ||
| 040 |
_aSDCL _cSDCL _beng |
||
| 041 |
_2eng _aeng |
||
| 082 | _aV2:9'N8, M9 | ||
| 100 |
_aGrover Verinder Ed. _9406808 |
||
| 245 | 0 | _aElections,electoral mechanism and behaviour | |
| 260 |
_aNew Delhi _bDeep and Deep Publications _c1989 |
||
| 300 |
_a854p _ccm. |
||
| 942 |
_hV2:9'N8, M9 _cTEXL _2CC |
||
| 999 |
_c740684 _d740684 |
||